000 00820nam a22002297a 4500
003 OSt
005 20250221173240.0
008 230926b ||||| |||| 00| 0 eng d
040 _c0
082 _aDPer 379.1 J826 Winter - Spring 2020 v. 45 n. 3-4
100 _aOwings, William.
_eauthor.
_949300
245 _aVirginia /
_cWilliam Owings and Leslie S. Kaplan.
260 _aUnited States ;
_bUniversity of Illinois Press and Johns Hopkins University Press,
_cWinter 2020.
300 _avolume 45, pages 386-388.
500 _aJournal of Education Finance, v. 45 n. 3, pages 386-388, Winter 2020.
650 _aFinance.
_949301
650 _aBudget.
_949302
650 _aEducation.
_949303
700 _aOwings, William.
_eauthor.
_949300
700 _aKaplan, Leslie S.
_eauthor.
_949304
942 _2ddc
_cPER
999 _c18259
_d18259